LEADER 01137nam a2200265 i 4500 001 000000156380 003 CaOOAMICUS 005 20061204000000.0 008 061204s1964 it u000 u ita u 013 $a133735 040 $aSeMil$bita 245 10$aMaurice Utrillo /$c[ Renata Negri ]. 246 04$iTitolo in copertina:$aUtrillo 260 $aMilano :$bFabbri,$ccopyr. 1964. 300 $a[6] p., 17. p. di tav. :$bill. ;$c36 cm. 490 0 $aI maestri del colore : la più grande collana d'arte del mondo ;$v34 500 $aFormulazione di responsabilità ricavata dal testo. 650 4$aUtrillo, Maurice.$0(OLS)http://semarc/subject/13962 700 1 $aNegri, Renata.$0(OLS)http://semarc/name/5738 830 2$aI maestri del colore : la più grande collana d'arte del mondo ;$v34.$0(OLS)http://semarc/title/2091 850 $aSeMil 852 $aSeMil$W1$xVenegono$y1$m5G XII 4/34$j108152$B108152$CSeMilBibl$Z2$F117758 $81 996 $6245$aMaurice Utrillo$9(OLS)http://semarc/title/229195 996 $6246$aUtrillo$9(OLS)http://semarc/title/215163 996 $6260$aMilano :$bFabbri$9(OLS)http://semarc/publisher/30054 LEADER 00943nam a2200241 i 4500 001 000000214738 003 CaOOAMICUS 005 20151210000000.0 008 151210s1977 it u000 u ita u 013 $a193609 040 $aSeMil$bita 100 1 $aGranit, Ragnar.$0(OLS)http://semarc/name/76357 245 13$aLe finalità del cervello /$cRagnar Granit. 260 $aTorino :$bPaolo Boringhieri,$c1977. 300 $a227 p. :$bill. ;$c20 cm. 490 0 $aUniversale scientifica ;$v190 650 4$aCervello - Fisiologia.$0(OLS)http://semarc/subject/6177 830 0$aUniversale scientifica ;$v190.$0(OLS)http://semarc/title/7149 850 $aSeMil 852 $aSeMil$W1$xVenegono$y1$m3X I 5$j165159$B165159$CSeMilBibl$Z2$F209034 $81 961 $aOmaggio: Milani don Felice 996 $6245$aLe finalità del cervello$9(OLS)http://semarc/title/309360 996 $6260$aTorino :$bPaolo Boringhieri$9(OLS)http://semarc/publisher/30303